الاستطلاع ودوره في التاريخ العربي الإسلامي لغاية 23ه-645م: (دراسة تاريخية) / (رقم التسجيلة. 126206)

تفاصيل مارك
000 -LEADER
fixed length control field 00625nam a22001697a 4500
005 - DATE AND TIME OF LATEST TRANSACTION
control field 20251108175112.0
008 - FIXED-LENGTH DATA ELEMENTS--GENERAL INFORMATION
fixed length control field 250721s2013 xx 000 0 ara d
082 14 - DEWEY DECIMAL CLASSIFICATION NUMBER
Classification number 956/جبو
100 1# - MAIN ENTRY--PERSONAL NAME
Personal name الجبوري، خالد محمد
245 10 - TITLE STATEMENT
Title الاستطلاع ودوره في التاريخ العربي الإسلامي لغاية 23ه-645م: (دراسة تاريخية) /
264 1# - PRODUCTION, PUBLICATION, DISTRIBUTION, MANUFACTURE, AND COPYRIGHT NOTICE
Place of production, publication, distribution, manufacture عمان :
Name of producer, publisher, distributor, manufacturer الأكاديميون للنشر و التوزيع،
Date of production, publication, distribution, manufacture, or copyright notice 2013.
300 ## - PHYSICAL DESCRIPTION
Extent 304 ص.
650 17 - SUBJECT ADDED ENTRY--TOPICAL TERM
Topical term or geographic name as entry element التاريخ العربي الإسلامي
700 1# - ADDED ENTRY--PERSONAL NAME
Personal name امين، حسين
942 ## - ADDED ENTRY ELEMENTS (KOHA)
Source of classification or shelving scheme Dewey Decimal Classification
Koha item type كتب
المقتنيات
حالة السحب حالة الفقدان مصدر التصنيف حالة التلف غير قابل للإعارة المكتبة الرئيسية المكتبة الحالية موقع الرف تاريخ التزويد الرقم المتسلسل Total Checkouts رقم الإستدعاء الباركود تاريخ آخر ظهور تاريخ الفاتورة نوع المادة (كوها)
    Dewey Decimal Classification     المكتبة المركزية المكتبة المركزية الإعارة 28/07/2025 1540686   956/جبو PLD00261724 28/07/2025 28/07/2025 كتب
Implemented & Customized by: BBB with SCIT (Smart Chains for Information Technology)

Powered by Koha